[Event "Rottach Egern Seniors Cup 13th"]
[Site "Rottach Egern"]
[Date "2025.04.05"]
[Round "8"]
[White "Wille, Thomas"]
[Black "Hafner, Robert"]
[Result "1-0"]
[WhiteElo "2110"]
[BlackElo "2011"]
[PlyCount "179"]
[EventDate "2025.03.29"]
[EventType "swiss"]
[EventRounds "9"]
[EventCountry "GER"]
[SourceTitle "CB16_2025"]
[SourceDate "2025.04.16"]
[SourceVersion "1"]
[SourceVersionDate "2025.04.16"]
[SourceQuality "1"]

1. c4 c6 2. Nf3 d5 3. b3 Nf6 4. Bb2 Bf5 5. d3 h6 6. g3 e6 7. Nbd2 Be7 8. Bg2 0-0 9. 0-0 Nbd7 10. Re1 Bh7 11. a3 a5 12. Ne5 Nxe5 13. Bxe5 Nd7 14. Bc3 Bf6 15. Qc1 Qb6 16. Bxf6 Nxf6 17. c5 Qc7 18. Qc3 e5 19. b4 axb4 20. axb4 e4 21. dxe4 Nxe4 22. Bxe4 Bxe4 23. Rxa8 Rxa8 24. Ra1 Rxa1+ 25. Qxa1 Bf5 26. Qd4 Qe7 27. e3 Be4 28. f3 Bf5 29. Kf2 Bc2 30. Qf4 f6 31. Qd4 Kf7 32. Qc3 Ba4 33. e4 Bb5 34. Qe3 Qe5 35. exd5 Qxd5 36. Ne4 Qa2+ 37. Qd2 Qb1 38. Nd6+ Kg8 39. Nxb5 cxb5 40. Kg2 Kh7 41. g4 Qb3 42. h4 Qb1 43. h5 f5 44. g5 hxg5 45. Qxg5 Qd3 46. Qg6+ Kh8 47. Kg3 Qc4 48. h6 gxh6 49. Qxh6+ Kg8 50. Qg6+ Kh8 51. Qxf5 Qxb4 52. Qc8+ Kg7 53. Qxb7+ Kf6 54. Qc6+ Ke7 55. Qd6+ Ke8 56. Kh3 Qb3 57. Kg4 Qc4+ 58. f4 Qg8+ 59. Kf5 Qf7+ 60. Ke5 Qh5+ 61. Kd4 Qd1+ 62. Ke4 Qh1+ 63. Ke5 Qh5+ 64. f5 Qh2+ 65. Ke6 Qh6+ 66. f6 Qh3+ 67. Ke5 Qh2+ 68. Ke4 Qe2+ 69. Kf4 Qf2+ 70. Kg4 Qe2+ 71. Kf4 Qf2+ 72. Ke4 Qe2+ 73. Kf5 Qh5+ 74. Kf4 Qh4+ 75. Kf3 Qh1+ 76. Kf2 Qh4+ 77. Kf1 Qc4+ 78. Ke1 Qh4+ 79. Kd2 Qb4+ 80. Kd3 Qb1+ 81. Kc3 b4+ 82. Kc4 Qa2+ 83. Kb5 Qa7 84. c6 b3 85. c7 Qb7+ 86. Kc5 Qa7+ 87. Kc4 Qa4+ 88. Kc3 Qa5+ 89. Kxb3 Qa2+ 90. Kxa2 1-0

[Event "Rottach Egern Seniors Cup 13th"]
[Site "Rottach Egern"]
[Date "2025.04.02"]
[Round "5"]
[White "Hafner, Robert"]
[Black "Costello, Colin"]
[Result "1/2-1/2"]
[WhiteElo "2011"]
[BlackElo "1917"]
[PlyCount "50"]
[EventDate "2025.03.29"]
[EventType "swiss"]
[EventRounds "9"]
[EventCountry "GER"]
[SourceTitle "CB16_2025"]
[SourceDate "2025.04.16"]
[SourceVersion "1"]
[SourceVersionDate "2025.04.16"]
[SourceQuality "1"]

1. d4 Nf6 2. Nf3 d5 3. e3 e6 4. Be2 c5 5. 0-0 Nc6 6. b3 cxd4 7. Nxd4 Nxd4 8. Qxd4 Bd6 9. Bb2 0-0 10. c4 e5 11. Qh4 dxc4 12. Bxc4 Qe7 13. Nc3 Be6 14. Bxe6 Qxe6 15. Ne4 Nxe4 16. Qxe4 Rac8 17. Rac1 b6 18. g3 Qe7 19. Rfd1 Rxc1 20. Rxc1 Ba3 21. Bxa3 Qxa3 22. Rc2 Qd6 23. Kg2 h6 24. Qb7 a5 25. Rc7 Qg6 1/2-1/2

[Event "Lienz op 22nd"]
[Site "Lienz"]
[Date "2025.02.14"]
[Round "8"]
[White "Hafner, Robert"]
[Black "Bruns, Kai Christian"]
[Result "1-0"]
[WhiteElo "1986"]
[BlackElo "2181"]
[PlyCount "99"]
[EventDate "2025.02.08"]
[EventType "swiss"]
[EventRounds "9"]
[EventCountry "AUT"]
[SourceTitle "CB08_2025"]
[SourceDate "2025.02.19"]
[SourceVersion "1"]
[SourceVersionDate "2025.02.19"]
[SourceQuality "1"]

1. d4 d5 2. Nf3 Nf6 3. e3 c5 4. Be2 Nc6 5. 0-0 Bg4 6. b3 cxd4 7. Nxd4 Nxd4 8. exd4 Bxe2 9. Qxe2 e6 10. Be3 Bd6 11. c4 0-0 12. Nd2 Rc8 13. c5 Bb8 14. b4 Re8 15. Rac1 e5 16. Qd1 e4 17. Re1 Qc7 18. Nf1 h5 19. h3 Qd7 20. Qb3 Qf5 21. b5 h4 22. Rc2 Nh5 23. Rec1 Nf4 24. Bxf4 Bxf4 25. Ne3 Qg5 26. c6 b6 27. Re1 Red8 28. Kh1 Rc7 29. a4 Rd6 30. Rg1 Bxe3 31. Qxe3 Qf5 32. Ra1 g5 33. a5 bxa5 34. Rxa5 Re6 35. Rca2 Ree7 36. Kh2 Qg6 37. Qc1 Qf6 38. Rxa7 Rxa7 39. Ra4 Ra6 40. Rxa6 Rc7 41. Ra7 Rxa7 42. b6 Qd6+ 43. Kg1 Ra1 44. Qxa1 Qxc6 45. Qb1 Qb7 46. Qb4 g4 47. hxg4 Qc8 48. Qc5 Qxg4 49. b7 h3 50. Qc8+ 1-0

[Event "St Veit op 43rd"]
[Site "St Veit"]
[Date "2024.07.12"]
[Round "8"]
[White "Hafner, Robert"]
[Black "Bauer, Laura Sophie"]
[Result "1/2-1/2"]
[WhiteElo "1973"]
[BlackElo "1830"]
[PlyCount "50"]
[EventDate "2024.07.06"]
[EventType "swiss"]
[EventRounds "9"]
[EventCountry "AUT"]
[SourceTitle "CBM 221 Extra"]
[Source "ChessBase"]
[SourceDate "2024.09.30"]
[SourceVersion "1"]
[SourceVersionDate "2024.09.30"]
[SourceQuality "1"]

1. d4 d5 2. Nf3 Nf6 3. e3 e6 4. Be2 b6 5. 0-0 Bb7 6. b3 Be7 7. Bb2 Nbd7 8. Nbd2 c5 9. c4 0-0 10. Rc1 Rc8 11. Rc2 Rc7 12. Qa1 Qa8 13. Rfc1 Rfc8 14. dxc5 bxc5 15. cxd5 exd5 16. Bf1 a5 17. Ne5 Nxe5 18. Bxe5 Rd7 19. Nf3 Ba6 20. Bxa6 Qxa6 21. h3 Rdd8 22. Bb2 h6 23. Be5 Qb7 24. Ne1 Qa6 25. Nf3 Qb7 1/2-1/2

[Event "St Veit op 42nd"]
[Site "St Veit"]
[Date "2023.07.15"]
[Round "9"]
[White "Hafner, Robert"]
[Black "Sucher, Johannes"]
[Result "0-1"]
[WhiteElo "1971"]
[BlackElo "2062"]
[PlyCount "63"]
[EventDate "2023.07.08"]
[EventType "swiss"]
[EventRounds "9"]
[EventCountry "AUT"]
[SourceTitle "CBM 215 Extra"]
[Source "ChessBase"]
[SourceDate "2023.09.30"]
[SourceVersion "1"]
[SourceVersionDate "2023.09.30"]
[SourceQuality "1"]

1. d4 d5 2. e3 Nf6 3. Nf3 g6 4. Be2 Bg7 5. 0-0 0-0 6. b4 Ne4 7. Bb2 c5 8. bxc5 Nxc5 9. c3 Ne4 10. Nbd2 Bf5 11. c4 dxc4 12. Nxc4 Nc6 13. Qb3 Na5 14. Qb4 Nxc4 15. Bxc4 Nd6 16. Be2 a5 17. Qb3 Be6 18. Qd1 b5 19. Nd2 Qb6 20. a3 Rfc8 21. Rc1 Rxc1 22. Qxc1 Bf5 23. Qa1 b4 24. axb4 Rb8 25. b5 Bd7 26. Ba3 Bxb5 27. Bxb5 Nxb5 28. Bxe7 Qa6 29. Rb1 Ra8 30. Qb2 Nd6 31. Qa3 Nb5 32. Qc5 0-1

[Event "Rottach Egern Seniors Cup 11th"]
[Site "Rottach Egern"]
[Date "2023.04.15"]
[Round "1"]
[White "Ring, Rudolf"]
[Black "Hafner, Robert"]
[Result "1-0"]
[WhiteElo "1706"]
[BlackElo "2005"]
[PlyCount "87"]
[EventDate "2023.04.15"]
[EventType "swiss"]
[EventRounds "9"]
[EventCountry "GER"]
[SourceTitle "EXT 2024"]
[Source "ChessBase"]
[SourceDate "2023.10.10"]
[SourceVersion "1"]
[SourceVersionDate "2023.10.10"]
[SourceQuality "1"]

1. d4 d5 2. Bf4 Nf6 3. Nf3 c6 4. e3 Bf5 5. Nbd2 e6 6. Be2 Be7 7. 0-0 0-0 8. c4 Nbd7 9. Nh4 Re8 10. Nxf5 exf5 11. Rc1 g6 12. cxd5 Nxd5 13. Bg3 Nf8 14. Qb3 Qb6 15. Bc4 Rad8 16. a3 Ne6 17. Bxd5 Rxd5 18. Qxb6 axb6 19. Nb3 Bf6 20. Rb1 f4 21. Bxf4 Nxf4 22. exf4 Bxd4 23. Nc1 Bf6 24. g3 Rd2 25. b3 b5 26. b4 Ra8 27. Rb3 Bd4 28. Rf3 Rc2 29. Rd1 Bb2 30. Nd3 Rxa3 31. Kg2 Bd4 32. Rb1 Rcc3 33. Rd1 Bf6 34. Re3 Bd4 35. Rf3 Kg7 36. g4 Rab3 37. f5 Bf6 38. Re3 Bd4 39. Rg3 Bf6 40. Rd2 Be7 41. Rf3 Bxb4 42. f6+ Kh6 43. Ne5 Rxf3 44. Nxf7# 1-0

[Event "Lienz op 21st"]
[Site "Lienz"]
[Date "2023.02.13"]
[Round "4"]
[White "Hafner, Robert"]
[Black "Ollenberger, Roland"]
[Result "0-1"]
[WhiteElo "1982"]
[BlackElo "2267"]
[PlyCount "102"]
[EventDate "2023.02.11"]
[EventType "swiss"]
[EventRounds "9"]
[EventCountry "AUT"]
[SourceTitle "CBM 212 Extra"]
[Source "ChessBase"]
[SourceDate "2023.03.31"]
[SourceVersion "1"]
[SourceVersionDate "2023.03.31"]
[SourceQuality "1"]

1. d4 Nf6 2. Nf3 e6 3. e3 b6 4. Be2 Bb7 5. 0-0 Be7 6. b3 0-0 7. Bb2 c5 8. Nbd2 d6 9. c4 Nc6 10. Qc2 Qc7 11. Rac1 Rad8 12. Rfd1 e5 13. dxe5 dxe5 14. Nf1 g6 15. Ng3 Nd7 16. Qb1 f5 17. Rd2 e4 18. Ne1 Nde5 19. Rcd1 Bf6 20. Bf1 Rxd2 21. Rxd2 Qg7 22. Ne2 g5 23. Nc3 Nd3 24. Nxd3 Bxc3 25. Bxc3 Qxc3 26. Qb2 Qxb2 27. Nxb2 Rf7 28. Nd1 Kf8 29. Nc3 Ne5 30. Be2 Bc6 31. Rd1 Ke7 32. Rd2 Rf8 33. Rd1 Ke6 34. Rd2 f4 35. Rd1 Rf7 36. Rd2 h6 37. Rd1 Rf8 38. Rd2 Rh8 39. Rd1 h5 40. Rd2 h4 41. h3 f3 42. gxf3 exf3 43. Bd3 Rg8 44. Be4 Bxe4 45. Nxe4 g4 46. Kh2 Nf7 47. hxg4 Rxg4 48. Nc3 Ng5 49. Nd5 Rg2+ 50. Kh1 Ne4 51. Nf4+ Ke7 0-1

[Event "St Veit op 41st"]
[Site "St Veit"]
[Date "2022.07.09"]
[Round "1"]
[White "Gschiel, Alexander"]
[Black "Hafner, Robert"]
[Result "1/2-1/2"]
[WhiteElo "2215"]
[BlackElo "1933"]
[PlyCount "75"]
[EventDate "2022.07.09"]
[EventType "swiss"]
[EventRounds "9"]
[EventCountry "AUT"]
[SourceTitle "CBM 209 Extra"]
[Source "ChessBase"]
[SourceDate "2022.09.30"]
[SourceVersion "1"]
[SourceVersionDate "2022.09.30"]
[SourceQuality "1"]

1. d4 d5 2. c4 c6 3. Nf3 Nf6 4. g3 Bf5 5. Bg2 e6 6. 0-0 Nbd7 7. Nbd2 h6 8. b3 Be7 9. Bb2 0-0 10. Ne5 Qb6 11. e3 Rfd8 12. Ndf3 Nxe5 13. Nxe5 Nd7 14. g4 Bh7 15. Nxd7 Rxd7 16. Qe2 Rc8 17. c5 Qc7 18. f4 b6 19. b4 a5 20. a3 Rb8 21. Bc3 axb4 22. axb4 Bf6 23. Ra6 bxc5 24. bxc5 Qc8 25. Rfa1 Rdb7 26. Qd2 Rb1+ 27. Bf1 Rxa1 28. Rxa1 Ra8 29. Rxa8 Qxa8 30. Ba5 Be4 31. Qb4 Bd8 32. Bb6 Qa1 33. Qd2 Bh4 34. Ba5 Qb1 35. Bc3 Kh7 36. Qb2 Qd1 37. Qe2 Qc1 38. Qd2 1/2-1/2

[Event "Bad Griesbach Seniors op 23rd"]
[Site "Bad Griesbach"]
[Date "2021.11.20"]
[Round "7"]
[White "Koenigl, Anton"]
[Black "Hafner, Robert"]
[Result "1/2-1/2"]
[WhiteElo "1844"]
[BlackElo "2029"]
[PlyCount "68"]
[EventDate "2021.11.14"]
[EventType "swiss"]
[EventRounds "7"]
[EventCountry "GER"]
[SourceTitle "EXT 2024"]
[Source "ChessBase"]
[SourceDate "2023.10.10"]
[SourceVersion "1"]
[SourceVersionDate "2023.10.10"]
[SourceQuality "1"]

1. e4 c6 2. d4 d5 3. Nd2 dxe4 4. Nxe4 Bf5 5. Ng3 Bg6 6. Nf3 Nd7 7. Bd3 Ngf6 8. 0-0 e6 9. Re1 Be7 10. Qe2 Bxd3 11. Qxd3 0-0 12. Qe2 Re8 13. c3 Qc7 14. Ne5 Nxe5 15. Qxe5 Qxe5 16. Rxe5 Rad8 17. Re2 c5 18. Be3 Nd5 19. dxc5 Nxe3 20. Rxe3 Bxc5 21. Re2 Rd3 22. Ne4 Be7 23. Rd2 Rxd2 24. Nxd2 Rd8 25. Nb3 b6 26. Kf1 a5 27. a4 Kf8 28. Ke2 Ke8 29. Rd1 Rxd1 30. Kxd1 Kd7 31. Ke2 Bf6 32. Kd3 Kc6 33. Kc4 g6 34. Nd2 Be7 1/2-1/2

[Event "Bad Griesbach Seniors op 23rd"]
[Site "Bad Griesbach"]
[Date "2021.11.14"]
[Round "1"]
[White "Sierian, Peter"]
[Black "Hafner, Robert"]
[Result "0-1"]
[WhiteElo "1780"]
[BlackElo "2029"]
[PlyCount "88"]
[EventDate "2021.11.14"]
[EventType "swiss"]
[EventRounds "7"]
[EventCountry "GER"]
[SourceTitle "EXT 2024"]
[Source "ChessBase"]
[SourceDate "2023.10.10"]
[SourceVersion "1"]
[SourceVersionDate "2023.10.10"]
[SourceQuality "1"]

1. d4 d5 2. Nf3 Nf6 3. g3 Bf5 4. Bg2 e6 5. 0-0 Be7 6. Bg5 0-0 7. Nbd2 Nbd7 8. Re1 h6 9. Bxf6 Nxf6 10. c4 c6 11. cxd5 cxd5 12. Rc1 Qb6 13. Qb3 Rfc8 14. Qxb6 axb6 15. a3 b5 16. Nb3 b4 17. axb4 Bxb4 18. Rxc8+ Rxc8 19. Rc1 Rxc1+ 20. Nxc1 Kf8 21. Ne5 Ke7 22. e3 Bd6 23. f3 Bh7 24. Kf2 Nd7 25. Nxd7 Kxd7 26. Bf1 Bc2 27. Bd3 Ba4 28. Na2 Bc6 29. Nc3 Bb4 30. Bb5 Bxc3 31. Bxc6+ Kxc6 32. bxc3 Kb5 33. Ke2 Kc4 34. Kd2 f6 35. f4 f5 36. h3 h5 37. Kc2 b6 38. Kd2 Kb3 39. Kd3 b5 40. Kd2 Kb2 41. Kd3 Kc1 42. g4 hxg4 43. hxg4 fxg4 44. e4 g6 0-1

[Event "Graz op-A"]
[Site "Graz"]
[Date "2020.02.21"]
[Round "9"]
[White "Schernthaner, David"]
[Black "Hafner, Robert"]
[Result "1-0"]
[WhiteElo "2262"]
[BlackElo "2053"]
[PlyCount "83"]
[EventDate "2020.02.14"]
[EventType "swiss"]
[EventRounds "9"]
[EventCountry "AUT"]
[SourceTitle "CBM 195 Extra"]
[Source "ChessBase"]
[SourceDate "2020.05.31"]
[SourceVersion "1"]
[SourceVersionDate "2020.05.31"]
[SourceQuality "1"]

1. d4 d5 2. c4 c6 3. cxd5 cxd5 4. Bg5 Nf6 5. Bxf6 gxf6 6. Nc3 e6 7. e3 Nc6 8. Bd3 Bd7 9. Nf3 Be7 10. 0-0 0-0 11. Kh1 Kh8 12. Rc1 Rg8 13. Rg1 f5 14. Bb1 Rg7 15. a3 Qg8 16. b4 Qd8 17. Qd3 Be8 18. g4 fxg4 19. Rxg4 f5 20. Rxg7 Kxg7 21. Rg1+ Kh8 22. Qf1 Bh5 23. Qh3 Bxf3+ 24. Qxf3 Qf8 25. Qh5 Rd8 26. Ne2 Bd6 27. Qh4 Rd7 28. b5 Nd8 29. a4 Rg7 30. Rxg7 Kxg7 31. Nf4 Bxf4 32. Qxf4 Nf7 33. Qc7 Qb4 34. Bd3 Qxa4 35. Be2 Qb4 36. Bh5 Qf8 37. Qxb7 Kf6 38. Qxa7 Nd6 39. b6 Ne4 40. Qxh7 Qb4 41. Qg6+ Ke7 42. Qf7+ 1-0

[Event "Graz op-A"]
[Site "Graz"]
[Date "2020.02.14"]
[Round "1"]
[White "Mis, Mieszko"]
[Black "Hafner, Robert"]
[Result "1-0"]
[WhiteElo "2334"]
[BlackElo "2053"]
[PlyCount "61"]
[EventDate "2020.02.14"]
[EventType "swiss"]
[EventRounds "9"]
[EventCountry "AUT"]
[SourceTitle "CBM 195 Extra"]
[Source "ChessBase"]
[SourceDate "2020.05.31"]
[SourceVersion "1"]
[SourceVersionDate "2020.05.31"]
[SourceQuality "1"]

1. d4 d5 2. c4 c6 3. Nf3 Nf6 4. Qc2 Bg4 5. Nbd2 e6 6. g3 Be7 7. Bg2 Nbd7 8. 0-0 0-0 9. e4 Nxe4 10. Nxe4 dxe4 11. Qxe4 Bf5 12. Qe2 Re8 13. Bf4 Qa5 14. a3 Rad8 15. Rfd1 Qa6 16. Bf1 b6 17. b4 c5 18. dxc5 bxc5 19. Bc7 Bf6 20. Bxd8 Rxd8 21. Ra2 Bg4 22. Rad2 Qxa3 23. Rxd7 Rxd7 24. Rxd7 Qxf3 25. Qxf3 Bxf3 26. bxc5 a5 27. Bg2 Bxg2 28. Kxg2 Kf8 29. c6 Ke8 30. Ra7 Bc3 31. Ra8+ 1-0

[Event "AUT-chT2M 1516"]
[Site "Austria"]
[Date "2016.02.28"]
[Round "8.1"]
[White "Hafner, Robert"]
[Black "Schmid, Franz"]
[Result "0-1"]
[WhiteElo "2076"]
[BlackElo "2152"]
[PlyCount "74"]
[EventDate "2015.10.02"]
[EventType "team-tourn"]
[EventRounds "11"]
[EventCountry "AUT"]
[SourceTitle "EXT 2017"]
[Source "ChessBase"]
[SourceDate "2016.10.25"]
[SourceVersion "1"]
[SourceVersionDate "2016.10.25"]
[SourceQuality "1"]
[WhiteTeam "Villach Admira"]
[BlackTeam "Sauwald II"]
[WhiteTeamCountry "AUT"]
[BlackTeamCountry "AUT"]

1. d4 Nf6 2. c4 g6 3. Nc3 d5 4. e3 Bg7 5. Nf3 0-0 6. cxd5 Nxd5 7. Bd2 Nb6 8. Be2 Nc6 9. 0-0 e5 10. dxe5 Qe7 11. Qc2 Nxe5 12. b3 Nc6 13. a3 Be6 14. Rfb1 Rfd8 15. Rb2 Bf5 16. Qc1 Ne5 17. Nxe5 Qxe5 18. Be1 Rd6 19. Raa2 Rc6 20. Rc2 Bxc2 21. Rxc2 Nd5 22. Bc4 Nxc3 23. Bxc3 Qf5 24. a4 Bxc3 25. Rxc3 Rd8 26. h3 Rcd6 27. Be2 c6 28. Bf3 Rd2 29. b4 a6 30. Rc4 Ra2 31. Qc3 Qb1+ 32. Kh2 Rxf2 33. Rf4 Qb2 34. Qc4 Rf8 35. a5 Qe5 36. Kg1 Rc2 37. Qb3 Rc3 0-1

[Event "Lienz op-A 18th"]
[Site "Lienz"]
[Date "2015.02.11"]
[Round "6"]
[White "Hafner, Robert"]
[Black "Di Lazzaro, Gabriele"]
[Result "1-0"]
[WhiteElo "2075"]
[BlackElo "1931"]
[PlyCount "79"]
[EventDate "2015.02.07"]
[EventType "swiss"]
[EventRounds "9"]
[EventCountry "AUT"]
[SourceTitle "CBM 164 Extra"]
[Source "ChessBase"]
[SourceDate "2015.03.02"]
[SourceVersion "1"]
[SourceVersionDate "2015.03.02"]
[SourceQuality "1"]

1. d4 d5 2. c4 e6 3. Nc3 Nf6 4. Bg5 Nbd7 5. e3 c6 6. Nf3 Qa5 7. Bxf6 Nxf6 8. Bd3 dxc4 9. Bxc4 Ne4 10. Qb3 Nxc3 11. bxc3 Bd6 12. 0-0 0-0 13. Rfd1 e5 14. Nxe5 Bxe5 15. dxe5 Qxe5 16. Bxf7+ Kh8 17. Bc4 b6 18. Rd2 Bg4 19. Re1 Qg5 20. Bf1 Rf6 21. Qc2 Bf3 22. g3 h5 23. Bg2 h4 24. Rd4 hxg3 25. hxg3 Bxg2 26. Kxg2 Rh6 27. Rh1 Rf8 28. Rxh6+ gxh6 29. Rd7 Qf5 30. Qxf5 Rxf5 31. Rxa7 Rc5 32. Ra3 Kg7 33. Kf3 Rc4 34. Ke2 Kf6 35. Kd3 b5 36. Ra5 Rc5 37. a4 Rf5 38. Ke2 Rc5 39. axb5 Rxc3 40. Ra6 1-0